000 00438nam a2200169Ia 4500
005 20250423101320.0
008 250422s9999 xx 000 0 und d
020 _a9789789172160
050 _aDT 515.8 .U43/
100 _aAbdullahi, Modibbo Umar
245 4 _aThe liberal and evolution to stable democracy in Nigeria
260 _aKaduna
260 _bBEnmark International Ltd
260 _c2012
300 _a604 p
942 _cBK
999 _c35945
_d35945